A.N. Saha criminal reference / (Record no. 92227)

MARC details
000 -LEADER
fixed length control field 00712nam a2200241 a 4500
005 - DATE AND TIME OF LATEST TRANSACTION
control field 20150423151521.0
008 - FIXED-LENGTH DATA ELEMENTS--GENERAL INFORMATION
fixed length control field 020822s2002 ii a b 001 0 eng
010 ## - LCCN (DPL NO)
LC control number ENG-112370
020 ## - INTERNATIONAL STANDARD BOOK NUMBER
International Standard Book Number 9788171772865
Terms of availability 1800.00
035 ## - SYSTEM CONTROL NUMBER
System control number EN-95902
037 ## - SOURCE OF ACQUISITION
Source of stock number/acquisition DBAD / PUB
040 ## - CATALOGING SOURCE
Original cataloging agency dpl
Language of cataloging English
082 ## - DEWEY DECIMAL CLASSIFICATION NUMBER
Classification number 345.54
100 ## - MAIN ENTRY--PERSONAL NAME
Personal name Saha, A.N.
245 ## - TITLE STATEMENT
Title A.N. Saha criminal reference /
Statement of responsibility, etc by A.N. Saha
250 ## - EDITION STATEMENT
Edition statement 7th ed by Sukumar Ray
260 ## - PUBLICATION, DISTRIBUTION, ETC. (IMPRINT)
Place of publication, distribution, etc Kolkatta
Name of publisher, distributor, etc Eastern Law House
Date of publication, distribution, etc 2014
270 ## - ADDRESS
Address 54, Ganesh Chunder Avenue,
City Kolkatta
Postal code 700013
300 ## - PHYSICAL DESCRIPTION
Extent 8,1966p.
Dimensions 25cm(Hb)
500 ## - GENERAL NOTE
General note Includes index
650 ## - SUBJECT ADDED ENTRY--TOPICAL TERM
Topical term or geographic name as entry element Criminal law
Geographic subdivision India
942 ## - ADDED ENTRY ELEMENTS (KOHA)
Source of classification or shelving scheme Dewey Decimal Classification
Item type English Books
Call number suffix SAH
Classification part 345.54
Holdings
Withdrawn status Lost status Source of classification or shelving scheme Damaged status Not for loan Collection code Home library Current library Date acquired Source of acquisition Cost, normal purchase price Total Checkouts Full call number Barcode Date last seen Copy number Cost, replacement price Koha item type
    Dewey Decimal Classification   Not For Loan Non-fiction D.B.Act.Division D.B.Act.Division 12/03/2015 DBAD/PUB 1800.00   345.54 SAH EN-95902 12/03/2015 1 1800.00 English Books

© Delhi Public Library
Hit Counter
free hit counter